[Event "Tenerife-ch Seniors/Women"]
[Site "Santa Cruz de Tenerife"]
[Date "2023.03.31"]
[Round "9.1"]
[White "Perez Perez, Gabriel"]
[Black "Martin Luis, Cesar"]
[Result "1-0"]
[WhiteElo "2192"]
[BlackElo "2037"]
[PlyCount "51"]
[EventDate "2023.03.13"]
[EventType "swiss"]
[EventRounds "9"]
[EventCountry "ESP"]
[SourceTitle "EXT 2024"]
[Source "ChessBase"]
[SourceDate "2023.10.10"]
[SourceVersion "1"]
[SourceVersionDate "2023.10.10"]
[SourceQuality "1"]

1. d4 d5 2. c4 c6 3. Nf3 Nf6 4. Qc2 e6 5. Bf4 b6 6. e3 Bb7 7. Nc3 Bd6 8. Bg5 Nbd7 9. cxd5 exd5 10. Bd3 h6 11. Bh4 Qc7 12. 0-0 0-0 13. Rac1 a6 14. Bf5 c5 15. dxc5 bxc5 16. Qd1 Rad8 17. Bxd7 Qxd7 18. Bxf6 gxf6 19. Nh4 d4 20. Qh5 Rfe8 21. Nf5 Bf8 22. Ne2 Re5 23. Neg3 Kh7 24. f4 Qc6 25. Qxf7+ Kh8 26. Nh4 1-0

[Event "Tenerife-chT Preferente"]
[Site "Tenerife"]
[Date "2023.03.18"]
[Round "8.2"]
[White "Mendivil Anton, Daniel"]
[Black "Martin Luis, Cesar"]
[Result "1/2-1/2"]
[WhiteElo "2177"]
[BlackElo "2027"]
[PlyCount "31"]
[EventDate "2023.01.14"]
[EventType "team-tourn"]
[EventRounds "14"]
[EventCountry "ESP"]
[SourceTitle "EXT 2024"]
[Source "ChessBase"]
[SourceDate "2023.10.10"]
[SourceVersion "1"]
[SourceVersionDate "2023.10.10"]
[SourceQuality "1"]
[WhiteTeam "Al Shah Mat Los Realejos"]
[BlackTeam "Rey Ahogado"]
[WhiteTeamCountry "ESP"]
[BlackTeamCountry "ESP"]

1. e4 c6 2. d4 d5 3. f3 dxe4 4. fxe4 e5 5. Nf3 Bg4 6. Bc4 Nd7 7. 0-0 Ngf6 8. c3 Bd6 9. Be3 0-0 10. Nbd2 Qc7 11. h3 Bh5 12. Qc2 Rae8 13. Nh4 Qd8 14. Nf5 Bb8 15. Rfe1 Qc7 16. d5 1/2-1/2

[Event "Canarias-ch Seniors"]
[Site "Brena Baja"]
[Date "2022.06.04"]
[Round "6"]
[White "Gutierrez Perez, Jose"]
[Black "Martin Luis, Cesar"]
[Result "1/2-1/2"]
[WhiteElo "1918"]
[BlackElo "2049"]
[PlyCount "62"]
[EventDate "2022.06.01"]
[EventType "swiss"]
[EventRounds "6"]
[EventCountry "ESP"]
[SourceTitle "CBM 208 Extra"]
[Source "ChessBase"]
[SourceDate "2022.07.31"]
[SourceVersion "1"]
[SourceVersionDate "2022.07.31"]
[SourceQuality "1"]

1. d4 Nf6 2. c4 e6 3. Nf3 d5 4. e3 c6 5. Nc3 Nbd7 6. Bd3 Bd6 7. 0-0 0-0 8. Qe2 Re8 9. Qc2 e5 10. dxe5 Nxe5 11. Nxe5 Bxe5 12. f4 Bc7 13. cxd5 cxd5 14. Na4 Bd7 15. Nc5 Bc6 16. b4 a6 17. Bb2 Rxe3 18. Bd4 Re8 19. Rf3 Ne4 20. Raf1 Bd6 21. Qb2 Bf8 22. f5 Nxc5 23. bxc5 f6 24. Qf2 Bb5 25. Bxb5 axb5 26. Rb3 Qa5 27. Rfb1 Qxa2 28. Qg3 Kh8 29. Rxb5 Qc2 30. Rxb7 Ra2 31. h3 Re2 1/2-1/2

[Event "Tenerife-chT Preferente"]
[Site "Tenerife"]
[Date "2022.05.28"]
[Round "14.2"]
[White "Martin Luis, Cesar"]
[Black "Perez Perez, Gabriel"]
[Result "1/2-1/2"]
[WhiteElo "2051"]
[BlackElo "2194"]
[PlyCount "56"]
[EventDate "2022.01.29"]
[EventType "team-tourn"]
[EventRounds "14"]
[EventCountry "ESP"]
[SourceTitle "EXT 2024"]
[Source "ChessBase"]
[SourceDate "2023.10.10"]
[SourceVersion "1"]
[SourceVersionDate "2023.10.10"]
[SourceQuality "1"]
[WhiteTeam "Rey Ahogado"]
[BlackTeam "Ebano Barrio Nuevo"]
[WhiteTeamCountry "ESP"]
[BlackTeamCountry "ESP"]

1. d4 d5 2. c4 e6 3. Nf3 c6 4. g3 dxc4 5. Bg2 Nf6 6. 0-0 b5 7. a4 Bb7 8. b3 cxb3 9. axb5 cxb5 10. Qxb3 a6 11. Nc3 Nbd7 12. Ba3 Be7 13. Rfe1 0-0 14. e4 Bxa3 15. Qxa3 Nb6 16. e5 Nc4 17. Qb3 Nd7 18. Ne4 Ra7 19. Qc2 h6 20. h4 Qa8 21. Nh2 Rc8 22. Qe2 Rc7 23. Qh5 Qf8 24. Ng4 b4 25. f4 b3 26. f5 exf5 27. Qxf5 b2 28. Rab1 a5 1/2-1/2

[Event "Tenerife-ch"]
[Site "Santa Cruz"]
[Date "2022.05.04"]
[Round "7"]
[White "Rodriguez Redondo, Ethan"]
[Black "Martin Luis, Cesar"]
[Result "1/2-1/2"]
[WhiteElo "2037"]
[BlackElo "2051"]
[PlyCount "119"]
[EventDate "2022.04.20"]
[EventType "swiss"]
[EventRounds "9"]
[EventCountry "ESP"]
[SourceTitle "EXT 2023"]
[Source "ChessBase"]
[SourceDate "2022.10.05"]
[SourceVersion "1"]
[SourceVersionDate "2022.10.05"]
[SourceQuality "1"]

1. d4 Nf6 2. Nc3 d5 3. Bg5 Bf5 4. f3 Nbd7 5. Nxd5 Nxd5 6. e4 h6 7. Bh4 Ne3 8. Qd3 Nxf1 9. exf5 Nxh2 10. Rxh2 c6 11. 0-0-0 Qa5 12. Kb1 0-0-0 13. g4 Nf6 14. Ne2 e5 15. fxe6 g5 16. Bg3 fxe6 17. Qg6 Be7 18. Qf7 Kd7 19. d5 cxd5 20. Nd4 Qb6 21. Re2 Rh7 22. Qxe6+ Qxe6 23. Rxe6 Ne8 24. Rde1 Bd6 25. Bxd6 Nxd6 26. R1e5 a6 27. Rxd5 Kc7 28. c3 h5 29. gxh5 Rxh5 30. Rg6 Rh1+ 31. Kc2 Rh2+ 32. Kd3 Rd7 33. Rgxg5 Rxb2 34. a4 b5 35. axb5 axb5 36. f4 Kb6 37. Rg6 Kc7 38. Rc5+ Kb7 39. Rd5 Kc7 40. Rh6 b4 41. Rhxd6 Rxd6 42. Nb5+ Kc6 43. Rxd6+ Kxb5 44. cxb4 Rxb4 45. Ke3 Kc5 46. Rd8 Kc6 47. f5 Kc7 48. Rd1 Ra4 49. f6 Ra6 50. Rf1 Ra8 51. Kf4 Kd7 52. Re1 Re8 53. Rd1+ Ke6 54. Re1+ Kf7 55. Rxe8 Kxe8 56. Ke5 Kf8 57. Kf5 Kf7 58. Ke5 Kf8 59. Ke6 Ke8 60. f7+ 1/2-1/2

[Event "San Cristobal de La Laguna op 3rd"]
[Site "San Cristobal de La Laguna"]
[Date "2021.08.29"]
[Round "2"]
[White "Martin Luis, Cesar"]
[Black "Matamoros Franco, Carlos S"]
[Result "0-1"]
[WhiteElo "2064"]
[BlackElo "2486"]
[PlyCount "48"]
[EventDate "2021.08.28"]
[EventType "swiss"]
[EventRounds "9"]
[EventCountry "ESP"]
[SourceTitle "CBM 204 Extra"]
[Source "ChessBase"]
[SourceDate "2021.11.30"]
[SourceVersion "1"]
[SourceVersionDate "2021.11.30"]
[SourceQuality "1"]

1. d4 Nf6 2. c4 g6 3. Nc3 Bg7 4. e4 d6 5. Nf3 0-0 6. Be2 Nbd7 7. 0-0 e5 8. Be3 Qe7 9. dxe5 dxe5 10. Nd5 Qd8 11. Nxf6+ Qxf6 12. Qc2 Nb8 13. Rfd1 Nc6 14. h3 Qe7 15. c5 f5 16. exf5 gxf5 17. Bg5 Qe8 18. Bb5 Qg6 19. Bxc6 bxc6 20. Be7 Re8 21. Bd8 e4 22. Nh2 Be5 23. Qd2 f4 24. Nf1 Bxh3 0-1

[Event "Tenerife-chT Preferente"]
[Site "Tenerife"]
[Date "2021.06.05"]
[Round "8.3"]
[White "Padilla Mendez, Vicente"]
[Black "Martin Luis, Cesar"]
[Result "1/2-1/2"]
[WhiteElo "1926"]
[BlackElo "2106"]
[PlyCount "54"]
[EventDate "2021.02.27"]
[EventType "team-tourn"]
[EventRounds "14"]
[EventCountry "ESP"]
[SourceTitle "EXT 2023"]
[Source "ChessBase"]
[SourceDate "2022.10.05"]
[SourceVersion "1"]
[SourceVersionDate "2022.10.05"]
[SourceQuality "1"]
[WhiteTeam "El Sauzal Libreria Barco"]
[BlackTeam "Rey Ahogado"]
[WhiteTeamCountry "ESP"]
[BlackTeamCountry "ESP"]

1. d4 f5 2. g3 Nf6 3. Bg2 g6 4. h4 Bg7 5. Nh3 d6 6. Nf4 e5 7. dxe5 dxe5 8. Qxd8+ Kxd8 9. Nd5 c6 10. Nxf6 Bxf6 11. e4 Na6 12. Bd2 Nc5 13. Nc3 Be6 14. 0-0-0 Kc7 15. Be3 Nd7 16. Bh3 Rae8 17. a4 Be7 18. Kb1 Bb4 19. Na2 Ba5 20. exf5 Bxf5 21. Bxf5 gxf5 22. c3 Bb6 23. Bxb6+ Nxb6 24. b3 e4 25. Rhe1 Rhf8 26. Re2 Nd7 27. Kc2 Ne5 1/2-1/2

[Event "Isla de Tenerife 2nd"]
[Site "Puerto de la Cruz"]
[Date "2021.04.03"]
[Round "5"]
[White "Abreu Suarez, Isauro"]
[Black "Martin Luis, Cesar"]
[Result "1-0"]
[WhiteElo "1991"]
[BlackElo "2088"]
[PlyCount "48"]
[EventDate "2021.04.01"]
[EventType "tourn"]
[EventRounds "7"]
[EventCountry "ESP"]
[SourceTitle "EXT 2022"]
[Source "ChessBase"]
[SourceDate "2021.10.06"]
[SourceVersion "1"]
[SourceVersionDate "2021.10.06"]
[SourceQuality "1"]

1. e4 e6 2. d4 d5 3. e5 c5 4. Qg4 Nc6 5. Nf3 Qc7 6. Bd3 cxd4 7. 0-0 Nge7 8. Re1 Nf5 9. a3 g6 10. Qh3 h5 11. c3 Bg7 12. Bxf5 exf5 13. cxd4 h4 14. Nc3 Be6 15. Nb5 Qb6 16. Nd6+ Kd7 17. Ng5 Raf8 18. f4 Ne7 19. Qd3 Nc8 20. Nb5 a6 21. Nc3 Qc6 22. b3 b5 23. Bd2 Nb6 24. Rec1 Qb7 1-0

[Event "Tenerife-chT Preferente"]
[Site "Tenerife"]
[Date "2021.03.06"]
[Round "2.2"]
[White "Martin Luis, Cesar"]
[Black "Fernandez Vazquez, Jorge"]
[Result "1/2-1/2"]
[WhiteElo "2106"]
[BlackElo "1992"]
[PlyCount "120"]
[EventDate "2021.02.27"]
[EventType "team-tourn"]
[EventRounds "14"]
[EventCountry "ESP"]
[SourceTitle "EXT 2023"]
[Source "ChessBase"]
[SourceDate "2022.10.05"]
[SourceVersion "1"]
[SourceVersionDate "2022.10.05"]
[SourceQuality "1"]
[WhiteTeam "Rey Ahogado"]
[BlackTeam "Al Shah Mat Los Realejos"]
[WhiteTeamCountry "ESP"]
[BlackTeamCountry "ESP"]

1. d4 Nf6 2. c4 e6 3. g3 d5 4. Bg2 Bb4+ 5. Bd2 Be7 6. Nf3 0-0 7. 0-0 c6 8. Bf4 Nbd7 9. Qc2 b6 10. Rd1 Ba6 11. Nbd2 Nh5 12. Ne5 Nxf4 13. gxf4 Nxe5 14. fxe5 f6 15. Qa4 Bb7 16. cxd5 cxd5 17. Bh3 fxe5 18. Bxe6+ Kh8 19. dxe5 Bc5 20. Nf3 Rxf3 21. exf3 d4 22. Qb3 Qg5+ 23. Kh1 Qxe5 24. Rg1 d3 25. Rg3 Rf8 26. Kg2 Qd4 27. Rf1 d2 28. Qc3 Qxc3 29. bxc3 Re8 30. Rd1 Rd8 31. Rg4 g6 32. c4 Bc6 33. Bd5 Bxd5 34. cxd5 Rxd5 35. Kf1 a5 36. Ra4 Kg7 37. Ke2 Bb4 38. Rxb4 axb4 39. Rxd2 Ra5 40. Rb2 Kf6 41. Rxb4 Rxa2+ 42. Ke3 Ra6 43. Kd4 Kf5 44. Kd5 Ra2 45. Rxb6 Rd2+ 46. Kc4 Rxf2 47. Rb5+ Kf4 48. Rb7 Rxh2 49. Rf7+ Ke3 50. f4 Ke4 51. Kc5 h5 52. Kd6 h4 53. Ke6 h3 54. f5 g5 55. Rg7 Rg2 56. f6 h2 57. Rh7 g4 58. f7 Rf2 59. Rxh2 Rxf7 60. Kxf7 g3 1/2-1/2

[Event "San Cristobal de La Laguna op 2nd"]
[Site "San Cristobal de La Laguna"]
[Date "2019.09.08"]
[Round "9"]
[White "Martin Luis, Cesar"]
[Black "Zenker, Ulrich"]
[Result "1/2-1/2"]
[WhiteElo "2136"]
[BlackElo "2166"]
[PlyCount "73"]
[EventDate "2019.08.31"]
[EventType "swiss"]
[EventRounds "9"]
[EventCountry "ESP"]
[SourceTitle "EXT 2020"]
[Source "ChessBase"]
[SourceDate "2019.10.17"]
[SourceVersion "1"]
[SourceVersionDate "2019.10.17"]
[SourceQuality "1"]

1. d4 d6 2. Nf3 g6 3. g3 Bg7 4. Bg2 f5 5. 0-0 Nf6 6. b3 0-0 7. Bb2 e5 8. dxe5 Ng4 9. Qd5+ Kh8 10. h3 c6 11. Qc4 Nxe5 12. Nxe5 dxe5 13. e4 f4 14. Qe2 Qf6 15. Nd2 c5 16. Qc4 Qe7 17. b4 b6 18. b5 a5 19. a4 Be6 20. Qe2 Qf7 21. Rfd1 Nd7 22. Nf3 Qe7 23. Rd2 g5 24. g4 Bf6 25. Rad1 Rf7 26. Rd6 h5 27. Nh2 Rh7 28. gxh5 Qf7 29. Ng4 Ra7 30. Bf3 Bg7 31. Rxd7 Rxd7 32. Nxe5 Rxd1+ 33. Qxd1 Qe8 34. Qd6 Bxh3 35. Ng6+ Kg8 36. Ne7+ Kh8 37. Ng6+ 1/2-1/2

[Event "Tenerife-chT Preferente 1819"]
[Site "Tenerife"]
[Date "2019.03.16"]
[Round "10.1"]
[White "Hernandez Leon, Alberto"]
[Black "Martin Luis, Cesar"]
[Result "1/2-1/2"]
[WhiteElo "2239"]
[BlackElo "2152"]
[PlyCount "51"]
[EventDate "2018.11.24"]
[EventType "team-tourn"]
[EventRounds "14"]
[EventCountry "ESP"]
[SourceTitle "CBM 189 Extra"]
[Source "ChessBase"]
[SourceDate "2019.05.31"]
[SourceVersion "1"]
[SourceVersionDate "2019.05.31"]
[SourceQuality "1"]
[WhiteTeam "Ebano Barrio Nuevo"]
[BlackTeam "Rey Ahogado"]
[WhiteTeamCountry "ESP"]
[BlackTeamCountry "ESP"]

1. d4 Nf6 2. Nf3 e6 3. c4 Bb4+ 4. Bd2 Qe7 5. g3 0-0 6. Bg2 d5 7. Qc2 c6 8. 0-0 Nbd7 9. Bg5 Bd6 10. Nc3 h6 11. Bxf6 Qxf6 12. e4 Qg6 13. Qe2 dxc4 14. Nh4 Qg5 15. e5 Bb4 16. f4 Qd8 17. Rad1 Be7 18. Qg4 Bxh4 19. gxh4 f5 20. Qg3 Nb6 21. Kh1 Qe7 22. Rg1 Bd7 23. Bf3 Nd5 24. Rd2 Kh8 25. Rdg2 Rg8 26. a4 1/2-1/2

[Event "Canarias-chT"]
[Site "San Cristobal de La Laguna"]
[Date "2017.06.23"]
[Round "3.2"]
[White "Martin Luis, Cesar"]
[Black "Alba Santana, Cayetano"]
[Result "1/2-1/2"]
[WhiteElo "2141"]
[BlackElo "1888"]
[PlyCount "52"]
[EventDate "2017.06.22"]
[EventType "team-swiss"]
[EventRounds "6"]
[EventCountry "ESP"]
[SourceTitle "EXT 2024"]
[Source "ChessBase"]
[SourceDate "2023.10.10"]
[SourceVersion "1"]
[SourceVersionDate "2023.10.10"]
[SourceQuality "1"]
[WhiteTeam "Rey Ahogado"]
[BlackTeam "Grandama Santa Lucia"]
[WhiteTeamCountry "ESP"]
[BlackTeamCountry "ESP"]

1. d4 d5 2. Nf3 Nf6 3. c4 c6 4. e3 Bf5 5. Nc3 e6 6. Bd3 Bxd3 7. Qxd3 Nbd7 8. 0-0 Be7 9. e4 dxe4 10. Nxe4 Nxe4 11. Qxe4 Nf6 12. Qe2 0-0 13. Be3 Qc7 14. Rfd1 c5 15. a3 b6 16. dxc5 bxc5 17. Bd2 Qb7 18. Bg5 h6 19. Bh4 Rfd8 20. Rab1 Rxd1+ 21. Rxd1 Rd8 22. Rxd8+ Bxd8 23. Qd3 Be7 24. Bxf6 Bxf6 25. b3 Bb2 26. a4 Bf6 1/2-1/2

[Event "Tenerife-chT Preferente 1516"]
[Site "Tenerife"]
[Date "2016.04.16"]
[Round "13.2"]
[White "Martin Luis, Cesar"]
[Black "Perez Gutierrez, Nauzet"]
[Result "0-1"]
[WhiteElo "2160"]
[BlackElo "2049"]
[PlyCount "84"]
[EventDate "2015.12.12"]
[EventType "team-tourn"]
[EventRounds "14"]
[EventCountry "ESP"]
[SourceTitle "EXT 2017"]
[Source "ChessBase"]
[SourceDate "2016.10.25"]
[SourceVersion "1"]
[SourceVersionDate "2016.10.25"]
[SourceQuality "1"]
[WhiteTeam "Rey Ahogado"]
[BlackTeam "El Sauzal"]
[WhiteTeamCountry "ESP"]
[BlackTeamCountry "ESP"]

1. d4 d5 2. Nf3 Nf6 3. g3 e6 4. c4 Be7 5. Bg2 0-0 6. 0-0 c5 7. cxd5 exd5 8. Nc3 Nc6 9. Bg5 c4 10. Ne5 Be6 11. Nxc6 bxc6 12. b3 Qa5 13. Na4 Rad8 14. Bxf6 Bxf6 15. Nc5 Qc7 16. e3 cxb3 17. axb3 Bc8 18. Ra3 Be7 19. Qc2 g6 20. Rfa1 Bf5 21. Qc3 Ra8 22. Ra6 Rfc8 23. b4 Rcb8 24. h3 h5 25. R6a5 Rb6 26. R1a4 Bd6 27. f4 Kg7 28. Qa3 Qc8 29. Kh2 Qb8 30. Ra6 Bc2 31. Nd7 Rxa6 32. Nxb8 Rxa4 33. Qb2 Rxb8 34. Qxc2 Ra6 35. e4 dxe4 36. Qxe4 Rxb4 37. Qd3 Ra2 38. d5 Rbb2 39. Qd4+ Kg8 40. dxc6 Rxg2+ 41. Kh1 Rgd2 42. Qg1 Bc7 0-1

[Event "Tenerife-chT Preferente 1516"]
[Site "Tenerife"]
[Date "2016.01.16"]
[Round "4.1"]
[White "Martin Luis, Cesar"]
[Black "Villagran Carrasco, Juan Carlos"]
[Result "0-1"]
[WhiteElo "2160"]
[BlackElo "2134"]
[PlyCount "74"]
[EventDate "2015.12.12"]
[EventType "team-tourn"]
[EventRounds "14"]
[EventCountry "ESP"]
[SourceTitle "CBM 170 Extra"]
[Source "ChessBase"]
[SourceDate "2016.02.25"]
[SourceVersion "1"]
[SourceVersionDate "2016.02.25"]
[SourceQuality "1"]
[WhiteTeam "Rey Ahogado"]
[BlackTeam "La Gomera"]
[WhiteTeamCountry "ESP"]
[BlackTeamCountry "ESP"]

1. d4 d6 2. Nf3 Bg4 3. c4 Nd7 4. Nc3 g6 5. e4 Bxf3 6. Qxf3 Bg7 7. Be3 c5 8. Qd1 cxd4 9. Bxd4 Bxd4 10. Qxd4 Ngf6 11. Be2 Qa5 12. 0-0 Qe5 13. Qxe5 Nxe5 14. Nd5 Nxd5 15. cxd5 Rc8 16. f4 Nd7 17. Bg4 Rc7 18. Rac1 Rxc1 19. Rxc1 Kd8 20. Kf2 Nc5 21. Ke3 a5 22. Kd4 h5 23. Bh3 f6 24. Be6 h4 25. Rc3 Nxe6+ 26. dxe6 Rh5 27. b3 Rb5 28. g3 Rb4+ 29. Rc4 hxg3 30. hxg3 b5 31. Rxb4 axb4 32. e5 dxe5+ 33. fxe5 f5 34. Ke3 g5 35. Kd3 Kc7 36. Ke3 Kc6 37. Kd4 g4 0-1

[Event "Tenerife op 19th"]
[Site "Tenerife"]
[Date "2009.01.12"]
[Round "7"]
[White "Darias Darias, Luis"]
[Black "Martin Luis, Cesar"]
[Result "1-0"]
[WhiteElo "1991"]
[BlackElo "2191"]
[PlyCount "67"]
[EventDate "2008.12.29"]
[EventType "swiss"]
[EventRounds "9"]
[EventCountry "ESP"]
[SourceTitle "CBM 128 Extra"]
[Source "ChessBase"]
[SourceDate "2009.03.05"]
[SourceVersion "2"]
[SourceVersionDate "2009.03.25"]
[SourceQuality "1"]

1. e4 e5 2. Nf3 Nc6 3. Bc4 Nf6 4. Ng5 d5 5. exd5 Na5 6. Bb5+ c6 7. dxc6 bxc6 8. Qf3 Bd7 9. Ba4 Be7 10. 0-0 0-0 11. h3 Nd5 12. Ne4 f5 13. Ng3 e4 14. Qd1 f4 15. Nxe4 f3 16. d3 Bxh3 17. gxh3 Qd7 18. Kh2 Bd6+ 19. Ng3 Nf4 20. Bxf4 Rxf4 21. Rh1 Raf8 22. Nc3 Rh4 23. Qf1 Rf6 24. Nce4 Rfh6 25. Kg1 Rg6 26. Re1 Bf4 27. c3 Qc7 28. Rh2 Qb6 29. Kh1 Qxb2 30. Bd1 Qxa2 31. Bxf3 Qf7 32. Qe2 Nb7 33. Bh5 Qe6 34. Bxg6 1-0